| 000 | 00314nam a2200109Ia 4500 | ||
|---|---|---|---|
| 008 | 230907s9999||||xx |||||||||||||| ||und|| | ||
| 082 |
_a621.31 _bINT |
||
| 245 | 0 | _aIntegrated resource strategic planning and power demand-side management./ | |
| 260 |
_aSpringer, _bNew York : _c2013 |
||
| 300 | _ap. cm. | ||
| 942 | _cBK | ||
| 999 |
_c597773 _d597773 |
||